000 00923nam a2200217 a 4500
003 0
005 20250623093653.0
008 021118s19uu xx 00 eng d
050 _aPGS GV 1469.34.C57
_b.C112 1998
100 _aCabañez, Kyle Luigi Solano.
245 _aThe effects of playing video games to the grade six students of Southville International School /
_cKyle Luigi Solano Cabañez.
260 _aLas Piñas City, Philippines :
_bSouthville International School and Colleges,
_c1998.
300 _a50 pages :
_bcolored illustrations ;
_c28 cm.
504 _aIncludes bibliographical references.
650 _aVideo games
_vPsychological aspects.
650 _aVideo games and children
_vPhilippines.
650 _a Computer games
_vSocial aspects
_zPhilippines.
650 _aGrade school students
_zPhilippines
_vAttitudes.
650 _aAcademic achievement
_zPhilippines.
942 _2lcc
_cPASS
999 _c96939
_d96939